Chorvatsko

Stručná hospodársko-ekonomická charakteristika Chorvátska. Základné makroekonomické ukazovatele. Zahranično-obchodné vzťahy Českej republiky a Chorvátska. Perspektívne trhové sektory a komodity.

Salvato in:
Dettagli Bibliografici
Autore principale: Rak, Tomáš
Natura: Capitolo di libro
Lingua:ceco
Soggetti:
Tags: Aggiungi Tag
Nessun Tag, puoi essere il primo ad aggiungerne!!

MARC

LEADER 00000naa a2200000 4500
001 r037064
005 20230920100818.0
041 0 |a cze 
044 |a CZ 
245 1 0 |a Chorvatsko  |c Tomáš Rak 
520 |a Stručná hospodársko-ekonomická charakteristika Chorvátska. Základné makroekonomické ukazovatele. Zahranično-obchodné vzťahy Českej republiky a Chorvátska. Perspektívne trhové sektory a komodity. 
610 2 0 |a vývoj hospodársky 
610 2 0 |a vzťahy hospodárske vonkajšie 
610 2 0 |a Chorvátsko 
610 2 0 |a Česko 
610 2 0 |a ukazovatele makroekonomické 
610 2 0 |a obchod zahraničný 
610 2 0 |a bilancia obchodná 
610 2 0 |a komodity 
100 1 |a Rak, Tomáš